| 000 | 00653nam a2200205 i 4500 | ||
|---|---|---|---|
| 001 | 63134 | ||
| 003 | ES-MaACL | ||
| 005 | 20250822053139.0 | ||
| 007 | t| | ||
| 008 | 031128s1973 sp ||||1| spa d | ||
| 100 | 1 |
_aFernández Rua, Juan. _950049 |
|
| 245 | 1 | 3 |
_aLa edad de oro del ajedrez _b: (hasta finales del siglo XIX) / _cJuan Fernández Rua. |
| 260 |
_aMadrid : _bRicardo Aguilera, _c1973. |
||
| 300 |
_a309 p. : _bil. ; _c21 cm. |
||
| 490 | 1 | _aEstudio y Lectura Para Todos | |
| 650 | 4 |
_aAjedrez- _vHistoria. _9168422 |
|
| 830 | 0 | 0 |
_aEstudio y lectura para todos _9230661 |
| 852 |
_aES-MaACL _jC-55648 _bR.88381 |
||
| 999 |
_c63134 _d63134 |
||